01280nam a2200277 a 450000100100000000500170001000800410002702000180006804000250008608200250011110000380013624500800017424600660025425000120032026000360033230000280036850000710039659000260046765000300049365000420052365000320056595201370059795201230073495201280085799900170098500004889120201002061505.0100520s2016 dr 001 0 spa d a9789945006759 aDO-SdBNPbspacBNPHU a332.024bS715a, 20161 aSosa Sosa, Diego A.,d1966-9323610aArco iris financiero :b7 colores para llegar a tu tesoro /cDiego A. Sosa.13aArco iris financiero :bsiete colores para llegar a tu tesoro a5ta ed. aSanto Domingo :bBúho,c2016. a196 p. :bil. ;c24 cm. aIncluye datos biográficos del autor en la solapa de la cubierta. aInventariado, 2019/LP 4aFinanzas personales98282 4aPlanificación del patrimonio940656 4aPresupuesto personal940657 001054708DSaGRbGRcHDd2019-04-25iLF1l0o332.024 S715a, 2016p48891-30r2020-06-25te.3w2020-06-25yLFDSZPréstamo en sala 0010718PDaPDbPDcHDd2019-04-25iLF1l0o332.024 S715a, 2016p48891-10r2020-06-25w2020-06-25yLFPDZNo se presta 0010718PDaPDbPDcHDd2019-04-25iLF1l0o332.024 S715a, 2016p48891-20r2020-06-25te.2w2020-06-25yLFPDZNo se presta c48379d48379